La gestión de la calidad en los archivos públicos: jornada técnica, Toledo 27-28 de noviembre de 2003 / [coordina: Archivo de Castilla-La Mancha] jornada técnica, Toledo 27-28 de noviembre de 2003 / [coordina:
Publicado:
[Toledo] :
Junta de Comunidades de Castilla - La Mancha, Consejería de Administraciones Públicas, DL 2004
Descripción Física:
148 p. : il., taules, gràf. ; 24 cm
Otros Autores:
Castella-La Manxa. Consejería de Administraciones Públicas
MARC
| LEADER | 00000nam a2200000Ia 4500 | ||
|---|---|---|---|
| 001 | 16617 | ||
| 008 | 160829s9999 xx 000 0 cat d | ||
| 080 | |a A-2-220 | ||
| 245 | |a La gestión de la calidad en los archivos públicos: |b jornada técnica, Toledo 27-28 de noviembre de 2003 / [coordina: |b Archivo de Castilla-La Mancha] | ||
| 260 | |a [Toledo] : |b Junta de Comunidades de Castilla - La Mancha, Consejería de Administraciones Públicas, DL 2004 | ||
| 300 | |a 148 p. : |b il., taules, gràf. ; |c 24 cm | ||
| 650 | |a Arxius |x Administració |x Espanya |x Congressos |9 34039 | ||
| 650 | |a Arxius |x Espanya |x Congressos |9 34040 | ||
| 700 | |a Castella-La Manxa. Consejería de Administraciones Públicas |9 30196 | ||
| 710 | 2 | |a Archivo de Castilla-La Mancha |e entitat coordinadora |9 54337 | |
| 901 | |a Arxiu | ||
| 942 | |n 1 |2 udc | ||
| 952 | |0 0 |1 0 |4 0 |6 A2220 |7 1 |9 46353 |a Arxiu |b Arxiu |d 2016-12-01 |l 0 |o A-2-220 |p 16617 |r 2016-12-01 00:00:00 |w 2016-12-01 |y ARXIU | ||
| 999 | |c 50138 |d 50138 | ||